00714nam a2200217 a 450000500170000000800410001702000180005804000270007604100080010304400070011108200160011824500900013426000520022430000190027649000220029566200290031770000280034670000440037470000480041870000300046620151217103616.0151217b2006 ck ||||| |||| 00| 0 spa d a9789589769058 aCO-BoIAVH cCO-BoIAVH  aspa ack10a597.9bA59t00aTécnicas de inventario y monitoreo para los anfibios de la región tropical Andina aBogotá:bConservación Internacional,c2006. a299 páginas. aManuales de campo cRegión Tropical Andina1 aAngulo, Ariadneeeditor1 aRueda Almonacid, José Vicenteeeditor1 aRodríguez Mahecha, José Vicenteeeditor1 aLa Marca, Enriqueeeditor